书目信息 |
| 题名: |
开塞小提琴练习曲36首分课解析
|
|
| 作者: | 梁訢 编著 | |
| 分册: | ||
| 出版信息: | 长沙 湖南文艺出版社 2001.07 |
|
| 页数: | 116页 | |
| 开本: | 16开 | |
| 丛书名: | 小提琴练习步步高 | |
| 单 册: | ||
| 中图分类: | J622.1 | |
| 科图分类: | ||
| 主题词: | 器乐--理论 , 器乐--奏法 , 器乐--演奏 | |
| 电子资源: | ||
| ISBN: | 7-5404-2561-X | |
| 000 | 00709nam0 2200241 45 | |
| 001 | 0110141577 | |
| 005 | 20031219104058.4 | |
| 010 | @a7-5404-2561-X@dCNY13.50 | |
| 100 | @a20011014d2001 km y0chiy0120 ea | |
| 101 | 0 | @achi |
| 105 | @a z 000yy | |
| 200 | 1 | @a开塞小提琴练习曲36首分课解析@AKai Sai Xiao Ti Qin Lian Xi Qu 36 Shou Fen Ke Jie Xi@f梁訢编著@FLiang Yin Bian Zhu |
| 210 | @a长沙@c湖南文艺出版社@d2001.07 | |
| 215 | @a116页@d16开 | |
| 225 | @a小提琴练习步步高 | |
| 410 | @12001 @a小提琴练习步步高 | |
| 606 | 0 | @a器乐@x理论 |
| 606 | 0 | @a器乐@x奏法 |
| 606 | 0 | @a器乐@x演奏 |
| 690 | @aJ622.1@v4 | |
| 701 | @a梁訢@4编著 | |
| 801 | @aCN@bTSTC@c20011014 | |
| 905 | @b315573-575@dJ622.1@e100@f3 | |
| 开塞小提琴练习曲36首分课解析/梁訢编著.-长沙:湖南文艺出版社,2001.07 |
| 116页;16开.-(小提琴练习步步高) |
| ISBN 7-5404-2561-X:CNY13.50 |
| ● |
| 相关链接 |
|
|
|
|
正题名:开塞小提琴练习曲36首分课解析
索取号:J622.1/100
 
预约/预借
| 序号 | 登录号 | 条形码 | 馆藏地/架位号 | 状态 | 备注 |
| 1 | 0315573 | 203155735 | 第一借阅区/ [索取号:J622.1/100] | 在馆 | |
| 2 | 0315574 | 203155744 | 第一借阅区/ [索取号:J622.1/100] | 在馆 | |
| 3 | 0315575 | 203155753 | 第一样本阅览室/ [索取号:J622.1/100] | 在馆 |